Staline... ou Hitler? - Statistiques

Statistiques générales
  • Ce quiz a été pris 132 388 fois
  • Le résultat moyen est 10 sur 15
Statistiques - réponses
Question Réponse % Correct
Avait une moustache Les deux
94%
A survécu jusqu'à l'âge de 70 ans Staline
94%
S'est suicidé Hitler
93%
Est né en Autriche Hitler
87%
A gagné de l'argent en tant que peintre pendant sa jeunesse Hitler
85%
A eu une ville nommée en son honneur à un moment donné Staline
85%
Est né avec un nom différent Staline
79%
A étudié pour devenir prêtre Staline
79%
Était végétarien Hitler
72%
A accueilli les Jeux olympiques sous sa direction Hitler
65%
A eu des enfants Staline
59%
Était un soldat décoré pendant la Première Guerre mondiale Hitler
51%
A passé du temps en prison Les deux
37%
A dirigé un pays qui a envahi la Pologne en 1939 Les deux
33%
A été présenté comme "l'Homme de l'Année" par Time Magazine Les deux
18%
Aucun quiz correspondant
Distribution des résultats
% des personnes avec chaque résultat
Percentile par nombre de réponses
Votre historique - résultats
Vous n’avez pas pris ce quiz